| 000 | 00744nam a22002057a 4500 | ||
|---|---|---|---|
| 999 |
_c5387 _d5387 |
||
| 003 | AR-CdUCM | ||
| 008 | 190312b ||||| |||| 00| 0 spa d | ||
| 040 |
_aMUNICIPALIDAD PROVINCIAL DEL CUSCO _cBIBLIOTECA MUNICIPAL DEL CUSCO |
||
| 082 |
_a321.6 / _bL46 |
||
| 100 |
_aSoto León Velarde, Enrique _916240 |
||
| 245 |
_aMito y Verdad de la "Revolucion Militar" : _b(El Perú en las Lineas de la Mano) |
||
| 260 |
_aLima : _bNueva Era , _c1977. |
||
| 300 |
_a78 páginas ; _c19 cm. |
||
| 505 | _aContenido : La dictadura en e Perú -- Revolucion Militar Peruana -- Peru en las lineas... | ||
| 650 |
_aDictadura _92687 |
||
| 650 |
_aRevolucion Militar Peruana _916241 |
||
| 650 |
_aHistoria del Perú _9259 |
||
| 942 |
_2ddc _cLIBROS |
||
| 945 | _artm | ||